[Event "Serbia Championship 2006"]
[Site "Vrnjacka Banja"]
[Date "2006.02.04"]
[Round "8"]
[White "Milanovic, Danilo"]
[Black "Tosic, Miroslav"]
[Result "1-0"]
[WhiteElo "2486"]
[BlackElo "2434"]
[PlyCount "84"]
[EventDate "2006.??.??"]

1. d4 Nf6 2. c4 c5 3. d5 g6 4. Nc3 Bg7 5. e4 d6 6. Bd3 O-O 7. Nge2 Na6 8. a3 e6
9. O-O Ng4 10. f4 exd5 11. Nxd5 f5 12. exf5 gxf5 13. h3 Nf6 14. Ne3 Ne4 15.
Bxe4 fxe4 16. Rb1 Nc7 17. b3 Kh8 18. Bb2 Rg8 19. Kh2 Ne8 20. Bxg7+ Rxg7 21. Rb2
Qh4 22. Rd2 Be6 23. a4 Nf6 24. f5 Bf7 25. Qe1 Qh6 26. Qf2 Ng4+ 27. Nxg4 Qxd2
28. Nf4 Qxf2 29. Rxf2 Rg5 30. Ne3 h5 31. g3 Rd8 32. Rd2 Rgg8 33. g4 Kh7 34. Kg3
Kh6 35. Kh4 b6 36. Nc2 hxg4 37. hxg4 Rh8 38. Ng2 Kg7+ 39. Kg5 Rh3 40. Kf4 a6
41. Kxe4 Rh1 42. a5 Rb1 1-0

[Event "Serbia Championship 2006"]
[Site "Vrnjacka Banja"]
[Date "2006.02.04"]
[Round "8"]
[White "Arsovic, Zoran"]
[Black "Savic, Miodrag R"]
[Result "0-1"]
[WhiteElo "2417"]
[BlackElo "2517"]
[PlyCount "94"]
[EventDate "2006.??.??"]

1. d4 Nf6 2. Nf3 e6 3. e3 b6 4. Bd3 Bb7 5. O-O d6 6. c4 Nbd7 7. Nc3 g6 8. e4
Bg7 9. Rb1 O-O 10. Re1 e5 11. d5 h6 12. b4 Nh7 13. Qc2 c5 14. dxc6 Bxc6 15. Ba3
Qe7 16. Qe2 Rfc8 17. Bb2 Nhf8 18. Nd5 Qd8 19. Qd2 Ne6 20. a3 Qf8 21. Bc2 Bb7
22. Ba4 Nf6 23. Rbd1 Rxc4 24. Qd3 Rac8 25. Nxf6+ Bxf6 26. Bb3 R4c6 27. b5 Nc5
28. bxc6 Nxd3 29. cxb7 Nxe1 30. bxc8=Q Nxf3+ 31. gxf3 Qxc8 32. Rxd6 Kg7 33. Kg2
Qc7 34. Rd5 g5 35. h3 Kh7 36. Kg3 h5 37. Kg2 Kg6 38. Kh2 Bg7 39. Kg2 f6 40. Rd2
Qc6 41. Bd5 Qc8 42. Kg3 Bh6 43. Bb3 g4 44. Rd3 Bf4+ 45. Kg2 gxh3+ 46. Kh1 h2
47. Rc3 Qd7 0-1

[Event "Serbia Championship 2006"]
[Site "Vrnjacka Banja"]
[Date "2006.02.04"]
[Round "8"]
[White "Kojovic, Dragan"]
[Black "Pap, Misa"]
[Result "1-0"]
[WhiteElo "2341"]
[BlackElo "2402"]
[PlyCount "71"]
[EventDate "2006.??.??"]

1. e4 c5 2. Nf3 Nc6 3. d4 cxd4 4. Nxd4 e5 5. Nb5 d6 6. N1c3 a6 7. Na3 b5 8. Nd5
Rb8 9. c4 b4 10. Nc2 a5 11. Bd3 Be7 12. O-O Nf6 13. b3 O-O 14. f3 Nd7 15. Be3
Bg5 16. Qd2 Bxe3+ 17. Ncxe3 Nc5 18. f4 exf4 19. Rxf4 a4 20. Bc2 axb3 21. axb3
Qg5 22. Nf5 Bxf5 23. exf5 Rfe8 24. Qf2 Ne7 25. h4 Qh6 26. Ne3 Qf6 27. Rf1 h5
28. g4 Nc6 29. Nd5 Qe5 30. gxh5 f6 31. Qg2 Kh8 32. Rg4 Nd4 33. h6 Ne2+ 34. Kh1
Rg8 35. hxg7+ Kh7 36. Rg6 1-0

[Event "Serbia Championship 2006"]
[Site "Vrnjacka Banja"]
[Date "2006.02.04"]
[Round "8"]
[White "Nestorovic, Dejan"]
[Black "Mihalj, Miroslav M"]
[Result "1-0"]
[WhiteElo "2399"]
[BlackElo "2299"]
[PlyCount "103"]
[EventDate "2006.??.??"]

1. d4 c5 2. d5 e5 3. e4 d6 4. Nc3 a6 5. Nf3 Be7 6. Be2 Nf6 7. a4 O-O 8. O-O Ne8
9. Nd2 Bg5 10. Nc4 Nd7 11. Ra3 Kh8 12. Bxg5 Qxg5 13. Qc1 Qe7 14. f4 exf4 15.
Qxf4 Ne5 16. Nxe5 dxe5 17. Qe3 b6 18. Nb1 Qc7 19. Nd2 Nd6 20. Rc3 a5 21. Nc4 f5
22. Nxe5 Bb7 23. Qf4 Qe7 24. Rh3 Kg8 25. Nc4 Nxc4 26. Bxc4 Qxe4 27. Qxe4 fxe4
28. Rb3 Ba6 29. Bxa6 Rxa6 30. Rxf8+ Kxf8 31. Kf2 Ke7 32. Ke3 Kd6 33. Kxe4 c4
34. Rc3 Ra8 35. Rxc4 Re8+ 36. Kd4 Re2 37. Rc6+ Kd7 38. Kd3 Rxg2 39. Rxb6 Rxh2
40. c4 h5 41. Rg6 Rxb2 42. Kd4 Ke7 43. Rxg7+ Kf6 44. Rh7 Kg6 45. Rh8 Kg5 46. d6
h4 47. Kd5 Rd2+ 48. Kc6 Rd4 49. c5 Rxa4 50. d7 Rd4 51. d8=Q+ Rxd8 52. Rxd8 1-0

[Event "Serbia Championship 2006"]
[Site "Vrnjacka Banja"]
[Date "2006.02.04"]
[Round "8"]
[White "Misailovic, Nebojsa"]
[Black "Djosic, Slavoljub"]
[Result "0-1"]
[WhiteElo "2342"]
[BlackElo "2279"]
[PlyCount "78"]
[EventDate "2006.??.??"]

1. e4 e5 2. Nf3 d6 3. Bc4 Nd7 4. c3 Be7 5. d4 Ngf6 6. Bxf7+ Kxf7 7. Ng5+ Kg8 8.
Ne6 Qe8 9. Nxc7 Qg6 10. O-O Rb8 11. f4 h6 12. Nd2 Kh7 13. f5 Qf7 14. d5 Nc5 15.
Qe2 Bd8 16. Ne6 Bb6 17. Kh1 Bxe6 18. dxe6 Qc7 19. a4 Qc6 20. a5 Bc7 21. Re1 d5
22. exd5 Qxd5 23. c4 Qd3 24. b4 Qxe2 25. Rxe2 Nd3 26. Ba3 Rhd8 27. g3 b6 28. b5
Rbc8 29. Be7 Rd4 30. Kg2 Bd8 31. Bf8 Kg8 32. Ba3 Bc7 33. Bb4 Bd8 34. Ba3 bxa5
35. Nf3 Rdxc4 36. Nxe5 Rc2 37. Nxd3 Rxe2+ 38. Kf3 Rcc2 39. Rd1 Bb6 0-1

[Event "Serbia Championship 2006"]
[Site "Vrnjacka Banja"]
[Date "2006.02.04"]
[Round "8"]
[White "Pantovic, Dragan M"]
[Black "Maksimovic, Branimir"]
[Result "0-1"]
[WhiteElo "2129"]
[BlackElo "2382"]
[PlyCount "121"]
[EventDate "2006.??.??"]

1. d4 Nf6 2. c4 e6 3. Nf3 d5 4. Bg5 Nbd7 5. e3 c6 6. Nbd2 Be7 7. a3 O-O 8. Bd3
c5 9. O-O b6 10. Rc1 Bb7 11. Qe2 cxd4 12. Nxd4 Ne5 13. N4f3 Nxd3 14. Qxd3 Rc8
15. cxd5 Qxd5 16. Qxd5 Bxd5 17. Nd4 Rfd8 18. Rfd1 h6 19. Bh4 g5 20. Bg3 Nh5 21.
Bc7 Rd7 22. Be5 Rcd8 23. Bc7 Ra8 24. f3 Bc5 25. b4 Rxc7 26. bxc5 Rxc5 27. Rxc5
bxc5 28. Nb5 Bc6 29. Nc3 Rd8 30. Kf2 Rd3 31. Ndb1 Rxd1 32. Nxd1 Kf8 33. Nb2 Ke7
34. Nc3 Nf6 35. Nc4 Nd5 36. Na5 Nxc3 37. Nxc6+ Kd6 38. Nd8 f5 39. Ke1 Kd5 40.
g4 fxg4 41. fxg4 Nb5 42. a4 Nd6 43. Kd2 a5 44. h3 e5 45. Kd3 c4+ 46. Kd2 Kc5
47. Kc3 Ne4+ 48. Kc2 Kb4 49. Nf7 Kxa4 50. Nxh6 Kb4 51. Nf7 a4 52. Nxe5 a3 53.
Nc6+ Kc5 54. Nd4 Nf2 55. Kb1 Nxh3 56. Ka2 Kb4 57. Nc6+ Kc5 58. Nd4 Nf2 59. Nc2
Nxg4 60. e4 Ne5 61. Nxa3 0-1

[Event "Serbia Championship 2006"]
[Site "Vrnjacka Banja"]
[Date "2006.02.04"]
[Round "8"]
[White "Lapcevic, Milos"]
[Black "Vratonjic, Slobo"]
[Result "1-0"]
[WhiteElo "2282"]
[BlackElo "2473"]
[PlyCount "101"]
[EventDate "2006.??.??"]

1. d4 Nf6 2. c4 e6 3. Nc3 Bb4 4. Qc2 O-O 5. a3 Bxc3+ 6. Qxc3 Qe8 7. g3 d6 8.
Nf3 a5 9. b3 a4 10. b4 b5 11. c5 Bb7 12. Bg2 Bd5 13. O-O Nc6 14. Bf4 Ne4 15.
Qb2 f5 16. Rac1 Ne7 17. cxd6 cxd6 18. Rc7 Ng6 19. Nd2 Nxf4 20. gxf4 Nf6 21. f3
Rc8 22. Rxc8 Qxc8 23. Rc1 Bc4 24. Nxc4 bxc4 25. Qc2 Nd5 26. Qxc4 Qd8 27. e3 Qd7
28. Qe2 Rc8 29. Qd2 Rc6 30. Bf1 Qc7 31. Rxc6 Qxc6 32. b5 Qc7 33. e4 Nb6 34. Qb4
Kf7 35. e5 Nd5 36. Qc4 Qb6 37. Qxa4 Nxf4 38. exd6 Qxd6 39. Qa7+ Kg6 40. Qc5 Qd8
41. Qe5 Qg5+ 42. Kh1 Qh4 43. Qe3 Kf7 44. a4 Nd5 45. Qd2 f4 46. a5 Qh5 47. Qe2
Ne3 48. a6 Qd5 49. b6 Qxd4 50. b7 Qb4 51. Qb5 1-0

[Event "Serbia Championship 2006"]
[Site "Vrnjacka Banja"]
[Date "2006.02.04"]
[Round "8"]
[White "Nestorovic, Nikola D"]
[Black "Bojovic, Dusan"]
[Result "1-0"]
[WhiteElo "2361"]
[BlackElo "2116"]
[PlyCount "107"]
[EventDate "2006.??.??"]

1. e4 c5 2. Nf3 e6 3. c4 a6 4. Nc3 d6 5. d4 cxd4 6. Nxd4 Be7 7. Be2 Nf6 8. Be3
b6 9. O-O Bb7 10. f3 O-O 11. a4 Nbd7 12. a5 Qc7 13. Nb3 Rab8 14. axb6 Nxb6 15.
Na5 Ba8 16. b4 Rfd8 17. Qd2 d5 18. c5 Nc4 19. Nxc4 dxc4 20. Qb2 Bxc5 21. Bxc5
Qxc5+ 22. bxc5 Rxb2 23. Rxa6 Bb7 24. Ra7 Rdd2 25. Rd1 Rxd1+ 26. Bxd1 Nd7 27.
Ra5 Ne5 28. Ba4 Kf8 29. f4 Nc6 30. Rb5 Rxb5 31. Bxb5 Na5 32. Kf2 Bc6 33. Bxc6
Nxc6 34. Ke3 Ke7 35. Nb5 Na5 36. Kd4 Kd7 37. Nd6 Kc6 38. Nxf7 Kb5 39. Nd6+ Kb4
40. Nxc4 Nc6+ 41. Kd3 Kxc5 42. Ne3 Nb4+ 43. Kc3 Na2+ 44. Kd3 Nb4+ 45. Ke2 Kd4
46. Kf3 Nd3 47. Nc2+ Kc3 48. Na3 Kb4 49. Nb1 Ne1+ 50. Kf2 Nc2 51. Nd2 Kc3 52.
Nf3 Kd3 53. e5 h6 54. f5 1-0

[Event "Serbia Championship 2006"]
[Site "Vrnjacka Banja"]
[Date "2006.02.04"]
[Round "8"]
[White "Ristic, Nebojsa"]
[Black "Vukanovic, Sasa"]
[Result "1/2-1/2"]
[WhiteElo "2266"]
[BlackElo "2337"]
[PlyCount "34"]
[EventDate "2006.??.??"]

1. d4 Nf6 2. c4 e6 3. Nc3 Bb4 4. Qc2 O-O 5. a3 Bxc3+ 6. Qxc3 Ne4 7. Qc2 f5 8.
g3 b6 9. Bg2 Bb7 10. Nf3 Nf6 11. O-O Be4 12. Qc3 a5 13. b4 axb4 14. axb4 Nc6
15. Bb2 Ne7 16. b5 d6 17. Nd2 Bxg2 1/2-1/2

[Event "Serbia Championship 2006"]
[Site "Vrnjacka Banja"]
[Date "2006.02.04"]
[Round "8"]
[White "Djokic, Nebojsa"]
[Black "Jovanovic, Zoran"]
[Result "0-1"]
[WhiteElo "2253"]
[BlackElo "2291"]
[PlyCount "116"]
[EventDate "2006.??.??"]

1. e4 c5 2. Nf3 Nc6 3. d4 cxd4 4. Nxd4 Nf6 5. Nc3 d6 6. Bg5 e6 7. Qd2 a6 8.
O-O-O h6 9. Bf4 Bd7 10. Nxc6 Bxc6 11. f3 d5 12. exd5 Nxd5 13. Nxd5 Qxd5 14. c4
Qxd2+ 15. Bxd2 Be7 16. Bc3 Rg8 17. Bd3 f5 18. Rhe1 Kf7 19. Re2 Rae8 20. Rde1
Bd6 21. Be5 Be7 22. Kc2 g5 23. Bd4 Bd6 24. Be5 Bc5 25. Kc3 a5 26. a3 a4 27. Bd4
Bd6 28. Be5 Be7 29. Bd4 Bd8 30. Kc2 h5 31. b4 axb3+ 32. Kxb3 g4 33. f4 Bc7 34.
Be5 Bxe5 35. fxe5 Rd8 36. Kc3 Ra8 37. Ra1 Ra5 38. g3 h4 39. Re3 Rh8 40. Kb4
Ra4+ 41. Kc3 hxg3 42. hxg3 Rh2 43. Bc2 Ra8 44. Bb3 Rh3 45. Rd3 Ke7 46. c5 Be4
47. Rd6 Rxg3+ 48. Kb4 Ra6 49. Rad1 Rxd6 50. exd6+ Kd8 51. Bxe6 Rd3 52. Rf1 g3
53. Rf4 Bd5 54. Bxf5 Rb3+ 55. Ka4 Rb2 56. Bh3 Bc6+ 57. Ka5 Rb5+ 58. Ka4 Rb6+
0-1

[Event "Serbia Championship 2006"]
[Site "Vrnjacka Banja"]
[Date "2006.02.04"]
[Round "8"]
[White "Stupavski, Zdenko"]
[Black "Kahrovic, Mersid"]
[Result "1-0"]
[WhiteElo "2409"]
[BlackElo "2253"]
[PlyCount "107"]
[EventDate "2006.??.??"]

1. e4 Nc6 2. Nf3 e5 3. Nc3 Nf6 4. g3 b6 5. Bg2 Bb7 6. O-O Bc5 7. Nxe5 Nxe5 8.
d4 Bxd4 9. Qxd4 d6 10. b3 Qe7 11. Bb2 O-O-O 12. Rfe1 h5 13. Nd5 Qf8 14. f4 Ned7
15. a4 c5 16. Qd3 Nxd5 17. exd5 h4 18. a5 Kc7 19. axb6+ axb6 20. g4 Re8 21. h3
f5 22. g5 Qf7 23. Kf2 Rxe1 24. Rxe1 Ra8 25. Ra1 Re8 26. Bf3 g6 27. c4 Nb8 28.
Re1 Na6 29. Rxe8 Qxe8 30. Qe3 Qxe3+ 31. Kxe3 Kd7 32. Kd2 b5 33. Bc3 bxc4 34.
bxc4 Nc7 35. Ba5 Ne8 36. Bc3 Ba6 37. Be2 Nc7 38. Bd3 Bb7 39. Kc2 Ke7 40. Be1
Na6 41. Ba5 Bc8 42. Kb3 Ke8 43. Be1 Nc7 44. Bc2 Ba6 45. Ba5 Na8 46. Kc3 Bc8 47.
Ba4+ Bd7 48. Kb3 Ke7 49. Bxd7 Kxd7 50. Ka4 Kc8 51. Kb5 Kb7 52. Bd8 Kc8 53. Bb6
Kb7 54. Ba5 1-0

[Event "Serbia Championship 2006"]
[Site "Vrnjacka Banja"]
[Date "2006.02.04"]
[Round "8"]
[White "Jovanovic, Milos"]
[Black "Certic, Branimir"]
[Result "1-0"]
[WhiteElo "2239"]
[BlackElo "2405"]
[PlyCount "125"]
[EventDate "2006.??.??"]

1. e4 d6 2. d4 g6 3. h4 Nf6 4. Nc3 h6 5. Be2 Nc6 6. h5 g5 7. f4 gxf4 8. Bxf4 e5
9. dxe5 dxe5 10. Qxd8+ Kxd8 11. O-O-O+ Bd6 12. Bg3 Ke8 13. Bh4 Nh7 14. Nb5 Be6
15. Nxd6+ cxd6 16. Rxd6 Ng5 17. Bb5 Ke7 18. Rd2 Nd4 19. Ba4 Bg4 20. Nf3 Bxf3
21. gxf3 Rad8 22. Rf1 f6 23. Rdf2 Nh3 24. Rh2 Nf4 25. c3 Nde6 26. Kc2 Rhg8 27.
Bb3 a6 28. a4 Rg7 29. Rd2 Rxd2+ 30. Kxd2 Rg2+ 31. Rf2 Rg1 32. Rh2 Rb1 33. Kc2
Rf1 34. Bf2 Ra1 35. Bb6 Re1 36. Rd2 Nxh5 37. Bd5 Nhf4 38. Bxb7 h5 39. Bxa6 h4
40. Bc8 h3 41. Rd7+ Kf8 42. Rh7 Ng5 43. Rh4 Nxf3 44. Rxh3 Nxh3 45. Bxh3 Rxe4
46. a5 Re2+ 47. Kb3 Nd2+ 48. Kb4 Ne4 49. Ka3 Re1 50. Ka2 Re2 51. Ka3 Re1 52.
Ka2 Re2 53. Kb3 Nd2+ 54. Kb4 Re4+ 55. Kb5 Nc4 56. Bc5+ Kg7 57. Bf5 Rh4 58. a6
Nxb2 59. a7 Rh8 60. Be4 Nd1 61. Kc4 f5 62. Bxf5 Nb2+ 63. Kb3 1-0

[Event "Serbia Championship 2006"]
[Site "Vrnjacka Banja"]
[Date "2006.02.04"]
[Round "8"]
[White "Pantic, Ivica"]
[Black "Toth, Aleksandar"]
[Result "1/2-1/2"]
[WhiteElo "2201"]
[BlackElo "2302"]
[PlyCount "127"]
[EventDate "2006.??.??"]

1. d4 d5 2. c4 e6 3. Nc3 Be7 4. cxd5 exd5 5. e3 c6 6. Bd3 Nf6 7. Nge2 O-O 8.
O-O Bd6 9. Ng3 Be6 10. Rb1 a5 11. a3 Nbd7 12. b4 axb4 13. axb4 Ng4 14. h3 Ngf6
15. f4 Nb6 16. Rf2 Qe7 17. Qb3 Ne4 18. Bxe4 dxe4 19. Qc2 f5 20. b5 Nd5 21. Nxd5
cxd5 22. Qb3 Qh4 23. Nf1 Rfc8 24. Rc2 Qd8 25. Rxc8 Qxc8 26. Bd2 Ra3 27. Qb2 Ra4
28. Ra1 Qa8 29. Rxa4 Qxa4 30. b6 Bd7 31. Bc3 Bc6 32. Kh2 Qb5 33. Qxb5 Bxb5 34.
Nd2 Ba4 35. g4 Kf7 36. Nf1 g5 37. Bd2 Bd1 38. gxf5 Kf6 39. Ng3 gxf4 40. exf4 h5
41. Nf1 Be2 42. Ng3 Bf3 43. h4 Ba3 44. Nf1 Kxf5 45. Ne3+ Ke6 46. f5+ Kf6 47.
Nxd5+ Kxf5 48. Bg5 Bb2 49. Ne3+ Ke6 50. d5+ Kd7 51. Nc4 Bd4 52. Be3 Bxe3 53.
Nxe3 Kd6 54. Kg3 Kc5 55. Kf4 Kxb6 56. Ke5 Kc7 57. d6+ Kd7 58. Nd5 b5 59. Nf6+
Kd8 60. Nxe4 Bxe4 61. Kxe4 Kd7 62. Kd5 b4 63. Kc4 Kxd6 64. Kxb4 1/2-1/2

[Event "Serbia Championship 2006"]
[Site "Vrnjacka Banja"]
[Date "2006.02.04"]
[Round "8"]
[White "Damjanovic, Dragan"]
[Black "Mirkovic, Stevan"]
[Result "1-0"]
[WhiteElo "2290"]
[BlackElo "2191"]
[PlyCount "109"]
[EventDate "2006.??.??"]

1. d4 Nf6 2. c4 e6 3. Nc3 Bb4 4. Qc2 O-O 5. a3 Bxc3+ 6. Qxc3 b6 7. Bg5 Bb7 8.
f3 d5 9. e3 h6 10. Bh4 Nbd7 11. cxd5 Nxd5 12. Bxd8 Nxc3 13. Bh4 Nd5 14. Bf2 c5
15. Bb5 N5f6 16. dxc5 Nxc5 17. b4 Ncd7 18. Ne2 Rfd8 19. O-O Rac8 20. Rac1 a6
21. Ba4 b5 22. Bb3 Bd5 23. Bxd5 Nxd5 24. Nd4 Ne5 25. e4 Nc3 26. Rc2 Rc4 27. h3
Na4 28. Rxc4 Nxc4 29. Ra1 e5 30. Nb3 Rd3 31. Nc5 Nxc5 32. bxc5 Nxa3 33. c6 Rc3
34. Be1 Rxc6 35. Rxa3 f6 36. Rc3 Rb6 37. Rc8+ Kf7 38. Rc7+ Kg6 39. Bb4 Rb8 40.
Ra7 Rb6 41. Kh2 Kh7 42. Kg3 Rc6 43. h4 h5 44. Kh3 Kg8 45. g4 g6 46. Kg3 hxg4
47. Kxg4 Rc4 48. Bd6 Rc6 49. Ba3 Rb6 50. Bb4 Rc6 51. h5 f5+ 52. exf5 Rc4+ 53.
Kg5 gxh5 54. Kg6 Rc8 55. f6 1-0

[Event "Serbia Championship 2006"]
[Site "Vrnjacka Banja"]
[Date "2006.02.04"]
[Round "8"]
[White "Tasic, Zoran"]
[Black "Vrbljanac, Aleksandar"]
[Result "0-1"]
[WhiteElo "2188"]
[BlackElo "2270"]
[PlyCount "96"]
[EventDate "2006.??.??"]

1. f4 d5 2. e3 c5 3. b3 Nc6 4. Bb2 Nf6 5. Bb5 g6 6. Nf3 Bg7 7. Bxc6+ bxc6 8.
Nc3 O-O 9. Ne5 Qd6 10. Ba3 Nd7 11. d4 Qe6 12. Qe2 Nxe5 13. fxe5 cxd4 14. exd4
f6 15. O-O fxe5 16. Rxf8+ Kxf8 17. Rf1+ Kg8 18. Na4 exd4 19. Qxe6+ Bxe6 20.
Bxe7 Bf5 21. Rf2 d3 22. Rxf5 gxf5 23. cxd3 Re8 24. Bc5 Re2 25. a3 a6 26. Nb6
Bf8 27. Nd7 Bxc5+ 28. Nxc5 a5 29. a4 Rb2 30. g3 Kf7 31. d4 Ke7 32. h3 h5 33.
Kf1 Kd6 34. Nb7+ Kc7 35. Nc5 Kc8 36. Kg1 Re2 37. Kf1 Rd2 38. Ne6 h4 39. gxh4
Kd7 40. Nc5+ Ke7 41. Nb7 Rxd4 42. Nxa5 Kd7 43. Nb7 Rb4 44. Nc5+ Kd6 45. Nd3
Rxb3 46. Nf4 Ke5 47. Ng6+ Kf6 48. Nf4 Rf3+ 0-1

[Event "Serbia Championship 2006"]
[Site "Vrnjacka Banja"]
[Date "2006.02.04"]
[Round "8"]
[White "Muratovic, Dzemail"]
[Black "Markovic, Milovan"]
[Result "0-1"]
[WhiteElo "2177"]
[BlackElo "2260"]
[PlyCount "148"]
[EventDate "2006.??.??"]

1. d4 Nf6 2. c4 g6 3. Nc3 Bg7 4. e4 d6 5. Nf3 O-O 6. Be2 c5 7. d5 Bg4 8. O-O
Nbd7 9. Be3 Qb6 10. Rb1 Qa6 11. Nd2 Bxe2 12. Qxe2 e5 13. a3 b6 14. Bg5 Qc8 15.
Rfe1 a6 16. a4 h6 17. Be3 Nh5 18. Qg4 Qe8 19. Qe2 Nf4 20. Qf1 f5 21. f3 Nh5 22.
Qe2 f4 23. Bf2 g5 24. b4 Nhf6 25. bxc5 bxc5 26. Nf1 h5 27. h3 Qg6 28. Nh2 Rf7
29. Rb7 Bf8 30. Kh1 Be7 31. a5 Bd8 32. Qa2 Rg7 33. Reb1 g4 34. Bh4 gxh3 35.
gxh3 Nxe4 36. Nxe4 Bxh4 37. Rxd7 Rxd7 38. Rg1 Bg3 39. Nf1 Kh8 40. Nfxg3 fxg3
41. Rxg3 Qf5 42. Qd2 h4 43. Qg5 Rf8 44. Qxh4+ Rh7 45. Qg4 Qxg4 46. fxg4 Rf4 47.
Nxd6 Rd7 48. Nf5 Rxc4 49. d6 Rb7 50. Rd3 Rb2 51. Rd1 Rcc2 52. Ne3 Rd2 53. Rxd2
Rxd2 54. Nc4 Rd1+ 55. Kg2 e4 56. Kf2 Kg7 57. Ke3 Rd4 58. Nd2 Rd3+ 59. Ke2 Rxd6
60. Nxe4 Rd4 61. Nc3 Rd8 62. Ne4 c4 63. h4 Re8 64. Kf3 Re5 65. Nc3 Re1 66. Ne2
Rh1 67. Nd4 Kf6 68. Ke2 Ke5 69. Nc6+ Ke4 70. Nb4 Rxh4 71. Nxa6 Rh2+ 72. Kd1 c3
73. g5 Kd4 74. g6 c2+ 0-1

[Event "Serbia Championship 2006"]
[Site "Vrnjacka Banja"]
[Date "2006.02.04"]
[Round "8"]
[White "Muratovic, Alija"]
[Black "Zivkovic, Momcilo"]
[Result "1-0"]
[WhiteElo "2437"]
[BlackElo "2151"]
[PlyCount "27"]
[EventDate "2006.??.??"]

1. e4 e6 2. d4 d5 3. Nd2 dxe4 4. Nxe4 Be7 5. Nf3 Nf6 6. Nxf6+ Bxf6 7. Bd3 c5 8.
dxc5 Qa5+ 9. Nd2 Nd7 10. c6 bxc6 11. O-O Ba6 12. Nb3 Qa4 13. Bxa6 Qxa6 14.
Qxd7+ 1-0

[Event "Serbia Championship 2006"]
[Site "Vrnjacka Banja"]
[Date "2006.02.04"]
[Round "8"]
[White "Dodic, Dragan"]
[Black "Maksimovic, Miroslav"]
[Result "1-0"]
[WhiteElo "2177"]
[BlackElo "2212"]
[PlyCount "85"]
[EventDate "2006.??.??"]

1. d4 Nf6 2. Nf3 g6 3. Bg5 Bg7 4. Nbd2 O-O 5. e4 d6 6. Be2 Nbd7 7. O-O h6 8.
Bh4 e5 9. dxe5 dxe5 10. c3 Qe8 11. Qc2 Nh5 12. Rfe1 Nf4 13. Bf1 g5 14. Bg3 Nb6
15. a4 a5 16. Nc4 Nxc4 17. Bxc4 Qe7 18. Nd2 h5 19. f3 g4 20. fxg4 Bxg4 21. h3
Bd7 22. Kh2 Kh8 23. Nf3 Bf6 24. Rad1 Bc6 25. Bd5 Rg8 26. Bxf4 exf4 27. Bxc6
bxc6 28. e5 Bh4 29. Re2 Bg3+ 30. Kh1 Rad8 31. Red2 Rxd2 32. Qxd2 Rb8 33. Qe2
Re8 34. Qd3 f6 35. Qf5 Rd8 36. Rxd8+ Qxd8 37. Qxf6+ Qxf6 38. exf6 Bf2 39. Ne5
Kh7 40. Nxc6 Kg6 41. Nxa5 h4 42. Nc6 Kxf6 43. a5 1-0

[Event "Serbia Championship 2006"]
[Site "Vrnjacka Banja"]
[Date "2006.02.04"]
[Round "8"]
[White "Jevtic, Miroljub L"]
[Black "Vrbljanac, Toma"]
[Result "0-1"]
[WhiteElo "2153"]
[BlackElo "2182"]
[PlyCount "132"]
[EventDate "2006.??.??"]

1. d4 Nf6 2. c4 c5 3. d5 e6 4. Nc3 exd5 5. Nxd5 d6 6. Bg5 Nbd7 7. Qa4 Be7 8.
Nxe7 Qxe7 9. Nf3 O-O 10. e3 h6 11. Bh4 Ne5 12. Be2 Bd7 13. Qc2 Bc6 14. Bxf6
Qxf6 15. e4 Qf4 16. Nd2 Ng4 17. Bxg4 Qxg4 18. O-O f5 19. f3 Qg5 20. Rfe1 Rad8
21. Rad1 Rf6 22. exf5 Qxf5 23. Qxf5 Rxf5 24. Ne4 Bxe4 25. Rxe4 Kf7 26. Re3 Rf4
27. b3 a6 28. a4 b5 29. axb5 axb5 30. g3 Rf6 31. Rde1 Rd7 32. f4 g5 33. fxg5
hxg5 34. Kg2 bxc4 35. bxc4 Rb7 36. R1e2 Rb1 37. Kh3 Rd1 38. Re4 Kg6 39. Ra2 Kf5
40. Rae2 g4+ 41. Kg2 Kg5 42. h4+ gxh3+ 43. Kxh3 Rh6+ 44. Kg2 Rf6 45. Rh4 Rf5
46. Rh8 Rd4 47. Re6 Rf6 48. Rg8+ Kf5 49. Re2 Rxc4 50. Rf2+ Ke6 51. Re8+ Kf7 52.
Rfe2 Rd4 53. R8e7+ Kg6 54. Kh3 c4 55. g4 Kg5 56. Rg7+ Rg6 57. Rxg6+ Kxg6 58.
Kh4 c3 59. Rc2 Rd3 60. g5 d5 61. Kg4 d4 62. Kf4 Rd2 63. Rc1 Re2 64. Rh1 d3 65.
Rh6+ Kg7 66. Rc6 d2 0-1

[Event "Serbia Championship 2006"]
[Site "Vrnjacka Banja"]
[Date "2006.02.04"]
[Round "8"]
[White "Bozilov, Novica"]
[Black "Radosavljevic, Novica"]
[Result "0-1"]
[WhiteElo "2023"]
[BlackElo "2142"]
[PlyCount "110"]
[EventDate "2006.??.??"]

1. e4 d6 2. d4 g6 3. f4 c6 4. Nc3 Bg7 5. Nf3 Bg4 6. Be2 Qb6 7. e5 Nh6 8. Na4
Qa5+ 9. c3 b5 10. b4 Qxa4 11. Qxa4 bxa4 12. h3 Bf5 13. g4 Be4 14. Rf1 f5 15.
Ng5 Bd5 16. e6 a5 17. Be3 O-O 18. c4 Be4 19. Nxe4 fxe4 20. b5 d5 21. cxd5 cxb5
22. Bxb5 Na6 23. Bxa4 Rfd8 24. Bc2 Nb4 25. Bxe4 Nxd5 26. Bg1 Rab8 27. f5 g5 28.
Bxd5 Rxd5 29. O-O-O Kh8 30. Rf3 Ng8 31. Rc3 Nf6 32. Rc7 Re8 33. Be3 h6 34. Kc2
Rb5 35. Rc5 Reb8 36. Rxb5 Rxb5 37. Rb1 Rxb1 38. Kxb1 Nd5 39. Bd2 Bxd4 40. Bxa5
Kg7 41. Bd2 Kf6 42. Kc2 Ke5 43. Kd3 Nf6 44. a4 Kd5 45. a5 Ne4 46. a6 Nc5+ 47.
Ke2 Nxa6 48. h4 Bf6 49. Kf3 Nc5 50. hxg5 hxg5 51. Be3 Nd3 52. Ba7 Ne5+ 53. Kg3
Ke4 54. Bc5 Nd3 55. Ba3 Ke3 0-1